00799nam a2200193 a 450000100060000000300090000600800410001504000280005608200170008410000370010124501000013826000700023830000100030865000540031865000520037294200120042499900170043695201520045312779CO-ViMGA141112s2004 ck r 000 u spa d aCO-ViMGAbspacCO-ViMGA04a610.986 F7151 aFrancisco, Zea Adolfo de 91851910aEl Doctor Jose Felix Merizalde y la medicina de comienzos del siglo XIX en Santa Fe de Bogotá aSantafé de Bogotá : bAcademia colombiana de Historia, c1997 a120p.14aMEDICINA - HISTORIA - SIGLO XIX - COLOMBIA91852014aMERIZALDE SOLIS JOSE FELIX - 1787 - 1968918521 2ddccBK c23723d23723 00102ddc40708002aMEVIECARbMEVIECARd2015-12-04hVolumen. 1 | 11/jun/2009l0o610.986 F715 p12779r2015-12-04 00:00:00tEj. 1w2015-12-04yBK